00350aam a2200145 450000500170000000800410001704100130005808200180007124500310008926000150012026000090013530000180014465000150016265000270017720160718112931.0150616b xxu||||| |||| 00| 0 spa d aInglés a917.286bI79i aInsight guides: Costa Rica aCosta Rica c2003 a300 páginas aCOSTA RICA aDESCRIPCIONES Y VIAJES